000 00869nam a22002297a 4500
999 _c63641
_d63641
005 20240530110651.0
008 171212s2016 ua a g b 000 0 ara d
017 _a22523
_bمصر. دار الكتب
020 _a9789773583385
040 _aEG-CaGPL
_cEG-CaGPL
082 0 4 _221
_a658.4012\
_bس ت
100 0 _aسيد محمد جادالرب
245 1 2 _aالتخطيط الاستراتيجى :
_bمنهج لتحقيق التميز التنافسى /
_cسيد محمد جادالرب .
250 _aط.1
260 _aالقاهرة :
_bدار الفجر للنشر و التوزيع ،
_c2016 .
300 _a374 ص. ؛
_c24 سم.
650 0 7 _2qrmak
_aالتخطيط الاستراتيجى
650 0 7 _2qrmak
_aالتفكير الابداعى
650 0 7 _2qrmak
_aالتفكير
942 _2ddc
_cBK